LIBRARY & INFORMATION CENTRE, KCAET, TAVANUR

ONLINE PUBLIC ACCESS CATALOGUE (OPAC)

Analysis of Indian agro-ecosystems / (Record no. 7311)

MARC details
000 -LEADER
fixed length control field 00570cam a2200217ua 4500
041 ## - LANGUAGE CODE
Language code of text/sound track or separate title eng
082 ## - DEWEY DECIMAL CLASSIFICATION NUMBER
Classification number 630
Item number MIT/AN
100 ## - MAIN ENTRY--AUTHOR NAME
Personal name Mitchell, Rodger .
245 ## - TITLE STATEMENT
Title Analysis of Indian agro-ecosystems /
250 ## - EDITION STATEMENT
Edition statement 1 /
260 ## - PUBLICATION, DISTRIBUTION, ETC. (IMPRINT)
Place of publication New Delhi :
Name of publisher Interprint ,
Year of publication 1979.
300 ## - PHYSICAL DESCRIPTION
Number of Pages 180 ; .
490 0# - SERIES STATEMENT
Series statement Environment science series,
Volume number/sequential designation
942 ## - ADDED ENTRY ELEMENTS (KOHA)
Koha item type Books
Holdings
Withdrawn status Lost status Damaged status Home library Current library Date acquired Full call number Accession Number Koha item type
Withdrawn     KAUAET KAUAET 07/04/2012 630 14474 Books
      KAUAET KAUAET 07/04/2012 630 15865 Books
free website counter